Νέον Γερμανο-Ελληνικόν Ελληνο-Γερμανικόν Λεξικόν ; Νέον Ελληνογερμανικόν Λεξικόν

Αποθηκεύτηκε σε:
Λεπτομέρειες βιβλιογραφικής εγγραφής
Κύριος συγγραφέας: Τσουκανάς, Αλέξανδρος Α.
Μορφή: Βιβλίο
Γλώσσα:German
Greek
Δημοσίευση: [Αθήνα] : Κακουλίδη, [1961]
Θέματα:
Ετικέτες: Προσθήκη ετικέτας
Δεν υπάρχουν, Καταχωρήστε ετικέτα πρώτοι!

MARC

LEADER 00000nam a2200000 i 4500
001 1/48343
008 941103m1961 ger d
035 |a 1990  |c ΒΙΒΛΙΟΘΗΚΗ  |l 10043310 
040 |a GR-MY-UA  |b gre  |e aacr 
041 0 |a ger  |h gre 
082 0 |a 443.89 
100 1 |a Τσουκανάς, Αλέξανδρος Α. 
245 1 0 |a Νέον Γερμανο-Ελληνικόν Ελληνο-Γερμανικόν Λεξικόν ; Νέον Ελληνογερμανικόν Λεξικόν /  |c υπό Αλεξάνδρου Α. Τσουκάνα 
260 |a [Αθήνα] :   |b Κακουλίδη,   |c [1961] 
300 |a 2 τ.;  |c 22 εκ. 
650 0 0 |a German language  |x Dictionaries  |x Greek, Modern. 
650 0 0 |a Greek language  |x Dictionaries  |x German. 
852 |a INST  |b SAMOS  |e 19941103  |h 443.89 ΤΣΟ  |p 005300011896  |q 005300011896  |t REF  |y 23  |z τ.2 
852 |a INST  |b SAMOS  |e 19941103  |h 443.89 ΤΣΟ  |p 005300011897  |q 005300011897  |t REF  |y 23  |z τ.1 
852 |a INST  |b SAMOS  |e 19941103  |h 443.89 ΤΣΟ  |p 005300011896  |q 005300011896  |t REF  |v τ.2:  |y 23  |z τ.2 
852 |a INST  |b SAMOS  |e 19941103  |h 443.89 ΤΣΟ  |p 005300011897  |q 005300011897  |t REF  |v τ.1:  |y 23  |z τ.1 
853 |a INST  |b SAMOS  |h 443.89 ΤΣΟ 
909 |a Σ  |b 017919 
909 |a Σ  |b 017918